Normal view
MARC view
- التدريس-طرق تفكير. طرق التدريس
Entry Topical Term
001 - CONTROL NUMBER
- control field: 22051
003 - CONTROL NUMBER IDENTIFIER
- control field: JO-AjAnu
005 - DATE AND TIME OF LATEST TRANSACTION
- control field: 20230606073818.0
008 - FIXED-LENGTH DATA ELEMENTS
- fixed length control field: 230606|| aca||aabn | a|a d
040 ## - CATALOGING SOURCE
- Original cataloging agency: JO-AjAnu
- Transcribing agency: JO-AjAnu
150 ## - HEADING--TOPICAL TERM
- Topical term or geographic name entry element: التدريس-طرق تفكير. طرق التدريس
670 ## - SOURCE DATA FOUND
- Source citation: Work cat.: (JO-AjAnu)11330: حسنين،حسنين محمد, author 22050, طرائق التدريس:الرزمة التدريبية للمعلمين في الوطن العربي 7